[Event "CZE-tht Extraliga 2018-19"]
[Site "Czech Republic"]
[Date "2019.04.20"]
[Round "10.2"]
[White "Movsesian, Sergei"]
[Black "Vidit, Santosh Gujrathi"]
[Result "1-0"]
[WhiteElo "2637"]
[BlackElo "2717"]
[Annotator "TA"]
[PlyCount "263"]
[EventDate "2018.11.03"]
[EventType "team-tourn"]
[EventCountry "CZE"]
[SourceTitle "playchess.com"]
[Source "ChessBase"]
[SourceQuality "1"]
[WhiteTeam "Pardubice"]
[BlackTeam "Novoborsky"]

{[%evp 9,262,13,16,8,3,6,9,10,12,22,13,0,0,0,3,0,0,0,0,0,0,0,0,0,0,0,0,0,0,0,0,0,0,0,0,0,66,71,189,181,177,176,186,164,171,181,185,170,202,195,245,202,222,185,180,162,169,146,146,146,160,156,156,152,186,164,180,163,211,206,202,184,184,184,184,184,184,184,184,184,184,184,288,290,319,319,319,319,319,319,320,254,242,310,431,394,538,485,12770,11868,12827,12838,29942,29941,29944,29945,29946,29947,29947,29946,29945,29947,29948,29949,29948,29948,29950,29952,29951,29950,29955,29951,29949,29944,29962,29961,29960,29961,29966,29966,29972,29973,29969,29961,29961,29963,29963,29962,29962,29963,29962,29963,29963,29964,29963,29963,29962,29964,29963,29965,29967,29967,29968,29969,29966,29967,29967,29969,29968,29968,29969,29971,29972,29972,29968,29969,29972,29973,29973,29974,29975,29973,29974,29975,29973,29976,29977,29978,29978,29979,29979,29980,29980,29979,29981,29980,29982,4137,29983,29984,29984,29985,29985,29979,29978,29976,29976,29977,29978,29979,29979,29979,29980,29980,29980,4133,29979,29980,29979,1787,1684,1219,1064,910,910,4129,3667,8,8,8,8,8,73,8,8,8,8,8,8,8,8,8,8,8,8,8,8,8,8,8,29992,8,29993,29994,29994,29995,29995,29996,29996,29997,29997,29998,29998,29999,29999]} 1. e4 c5 2. Nf3 d6 3. Bb5+ Nd7 4. Ba4 Ngf6 5. O-O e6 6. Re1 {B51: Sicilian: Moscow Variation (3 Bb5+) without 3...Bd7} a6 {aiming for ...b5.} 7. c3 b5 8. Bc2 {The position is equal.} c4 9. a4 Bb7 10. d4 cxd3 11. Bxd3 bxa4 12. Qxa4 Be7 13. c4 $146 ({Predecessor:} 13. h3 O-O 14. Be3 Qc7 15. Nbd2 Rfb8 16. Qa5 Bd8 17. Qxc7 Bxc7 18. b4 {½-½ (18) Nakamura,H (2785)-Vachier Lagrave,M (2796) Sharjah 2017}) 13... O-O 14. Nc3 Nc5 15. Qc2 Nxd3 16. Qxd3 Nd7 17. Nd4 Qc7 18. b3 Bf6 {...Nc5 is the strong threat.} 19. Be3 Rab8 20. Rab1 Ba8 21. f3 Nc5 22. Qc2 Bxd4 ({Black should play} 22... Rfc8 $11) 23. Bxd4 $14 Nxb3 (23... Rfc8 $16 {might work better.}) 24. Rxb3 $18 Qxc4 25. Bb6 d5 26. exd5 Bxd5 27. Reb1 $1 Rfc8 {Threatening ...Qc6.} 28. Qd2 $1 Ba8 29. Nd1 e5 30. Qd6 Qd5 31. Qxd5 Bxd5 32. R3b2 h5 33. h4 Be6 34. Ne3 Rc6 35. Kf2 Kh7 36. Rb4 f5 37. R1b2 f4 38. Nf1 Bf5 39. Nd2 Bd3 40. Ba5 Rxb4 41. Bxb4 Kg6 42. Rb3 Bb5 43. Rc3 Rxc3 44. Bxc3 Kf5 45. Ne4 {Threatens to win with Nd6+.} Ke6 (45... Bd3 $142) 46. Ng5+ Kf6 47. g3 fxg3+ 48. Kxg3 Kf5 49. Nf7 Ba4 50. Nd6+ Ke6 51. Nc4 Kf5 52. Ne3+ Ke6 53. f4 exf4+ (53... g5 $142 54. fxg5 Bb5) 54. Kxf4 Kf7 55. Kg5 Kg8 56. Kxh5 Kh7 57. Kg5 Bd7 58. Nf5 g6 59. Ne3 Ba4 60. Ng4 Bc2 61. Nf6+ Kg7 62. Nd7+ Kg8 63. Nc5 Kf7 64. Nxa6 Bb1 65. Nc5 Ke7 66. Bf6+ Kd6 67. Nb7+ Kd7 68. Nd8 Ke8 69. Nc6 Kf7 70. Ne5+ Ke6 71. Nxg6 Kf7 72. Ne5+ Ke6 73. h5 Be4 74. Bg7 Ke7 75. Ng4 Kf7 76. Bc3 Bb1 77. Bb4 Bc2 78. Nf6 Bb1 79. h6 Bc2 80. Bc3 Bb1 81. h7 Bxh7 82. Nxh7 Ke6 83. Nf6 Kd6 84. Kf5 Kc5 85. Ke4 Kc6 86. Bb4 Kb5 87. Be7 Kc6 88. Kd4 Kb5 89. Kd5 Kb6 90. Ne4 Kb7 91. Nd6+ Kc7 92. Bh4 Kd7 93. Nb5 Kc8 94. Kc6 Kb8 95. Bg3+ Ka8 96. Bf2 Kb8 97. Nc7 Kc8 98. Ba7 Kd8 99. Nd5 Ke8 100. Kd6 Kf7 101. Be3 Kg6 102. Ke6 Kh5 103. Kf5 Kh4 104. Bf4 Kh3 105. Ne3 Kh4 106. Bd6 Kh3 107. Kf4 (107. Be5 $142 Kh4 108. Nd1 Kh3 109. Kf4 Kg2 110. Ke3 Kg1 111. Nf2 Kg2 112. Ke2) 107... Kh4 108. Ng4 Kh3 109. Kf3 Kh4 110. Be7+ Kh3 111. Nf2+ Kh2 112. Bd6+ Kg1 113. Be5 $2 ({Only move:} 113. Nd1 $1 $18 {[%cal Rd1f2]} Kf1 114. Bg3 Kg1 115. Nf2 Kf1 116. Bh2 Ke1 117. Ne4 Kd1 118. Ke3) 113... Kf1 $11 114. Bh2 Ke1 115. Ne4 Kd1 116. Ke3 $1 Kc2 $1 117. Nd2 {White wants to mate with Be5.} Kb2 118. Bd6 Kc3 119. Bc5 Kc2 120. Bd4 {Be5 would kill now.} Kd1 121. Kd3 {Intending Bf2 and mate.} Ke1 122. Be3 Kd1 123. Bf2 {Threatening mate with Nc4.} Kc1 124. Nc4 {White threatens Bc5 and mate.} Kd1 {[#]} 125. Nb2+ $1 Kc1 {[#]} 126. Kc3 $1 {White mates.} Kb1 127. Kb3 Kc1 128. Be3+ Kb1 129. Nc4 Ka1 130. Bd2 Kb1 131. Na3+ Ka1 {Accuracy: White = 89%, Black = 58%.} 132. Bc3# 1-0

[Event "CZE-tht Extraliga 2018-19"]
[Site "Czech Republic"]
[Date "2019.04.20"]
[Round "10.2"]
[White "Azarov, Sergei"]
[Black "Shengelia, David"]
[Result "1-0"]
[WhiteElo "2595"]
[BlackElo "2530"]
[Annotator "ChessBase"]
[PlyCount "53"]
[EventDate "2018.11.03"]
[EventType "team-tourn"]
[EventCountry "CZE"]
[SourceTitle "playchess.com"]
[Source "ChessBase"]
[SourceQuality "1"]
[WhiteTeam "Beskydska"]
[BlackTeam "Duras"]
[TimeControl "40/5400+30:1800+30"]

1. e4 {[%emt 0:00:00]} e5 {[%emt 0:00:00]} 2. Nf3 {[%emt 0:00:00]} Nc6 {[%emt 0:00:00]} 3. Bb5 {[%emt 0:00:27]} g6 {[%emt 0:00:54]} 4. c3 {[%emt 0:05:05]} a6 {[%emt 0:01:06]} 5. Ba4 {[%emt 0:01:40]} Bg7 {[%emt 0:00:12]} 6. O-O {[%emt 0:01:05]} d6 {[%emt 0:03:27]} 7. d4 {[%emt 0:05:37]} b5 {[%emt 0:01:03]} 8. Bc2 {[%emt 0:07:46]} exd4 {[%emt 0:02:44]} 9. Nxd4 {[%emt 0:03:18]} Nge7 {[%emt 0:05:26]} 10. Bg5 {[%emt 0:01:57]} Bb7 {[%emt 0:20:49]} 11. Nxc6 {[%emt 0:01:48]} Bxc6 {[%emt 0:00:10]} 12. Nd2 {[%emt 0:01:39]} O-O {[%emt 0:03:28]} 13. Nb3 {[%emt 0:03:08]} Re8 {[%emt 0:02:18]} 14. Qd2 {[%emt 0:07:00]} Qb8 {[%emt 0:13:24]} 15. Rfe1 {[%emt 0:02:05]} Nc8 {[%emt 0:13:45]} 16. Nd4 {[%emt 0:04:30]} Bd7 {[%emt 0:02:28]} 17. Nf5 {[%emt 0:01:33]} gxf5 {[%emt 0:07:20]} 18. exf5 {[%emt 0:00:19]} f6 {[%emt 0:00:17]} 19. Qd5+ {[%emt 0:10:09]} Kh8 {[%emt 0:00:05]} 20. Bxf6 {[%emt 0:00:38]} Bxf6 {[%emt 0:11:23]} 21. Qf7 {[%emt 0:01:30]} Nb6 {[%emt 0:00:06]} 22. Qxf6+ {[%emt 0:05:14]} Kg8 {[%emt 0:00:01]} 23. Qh4 {[%emt 0:01:53]} h6 {[%emt 0:09:43]} 24. f6 {[%emt 0:02:12]} Rxe1+ {[%emt 0:01:02]} 25. Rxe1 {[%emt 0:00:05]} Qf8 {[%emt 0:00:03]} 26. Qg3+ {[%emt 0:00:34]} Kh8 {[%emt 0:00:06]} 27. Qg6 {[%emt 0:00:42]} 1-0

[Event "CZE-tht Extraliga 2018-19"]
[Site "Czech Republic"]
[Date "2019.04.20"]
[Round "10.2"]
[White "Ftacnik, Lubomir"]
[Black "Michalik, Peter"]
[Result "1/2-1/2"]
[WhiteElo "2516"]
[BlackElo "2577"]
[Annotator "TA"]
[PlyCount "38"]
[EventDate "2018.11.03"]
[EventType "team-tourn"]
[EventCountry "CZE"]
[SourceTitle "playchess.com"]
[Source "ChessBase"]
[SourceQuality "1"]
[WhiteTeam "Turnov"]
[BlackTeam "Siesta"]

{[%evp 9,38,18,25,15,14,0,12,0,11,0,2,6,0,-9,30,14,18,17,11,11,7,0,0,7,0,0,0,0,8,6,6]} 1. d4 Nf6 2. Nf3 e6 3. c4 d5 4. Nc3 a6 5. cxd5 exd5 6. Bf4 {D37: Queen's Gambit Declined: 5 Bf4} (6. Bg5 Be6 7. e3 Nbd7 8. Bd3 h6 9. Bf4 g5 10. Bg3 Nh5 11. Be5 Nhf6 12. Bg3 Nh5 13. Ne2 Nxg3 14. Nxg3 {1-0 (61) Leko,P (2679)-Caruana,F (2832) Germany 2019}) 6... Bd6 7. Bg3 O-O 8. e3 Bf5 9. Rc1 Re8 10. Be2 h6 $146 ({Predecessor:} 10... c6 11. Nh4 Be6 12. Bxd6 Qxd6 13. O-O Nbd7 14. Bd3 Rac8 15. Nf5 Bxf5 16. Bxf5 g6 17. Bxd7 {½-½ (17) Fessler,S (2356)-Gluhov,A (2337) ICCF email 2011}) 11. a3 (11. Be5 {is interesting.} c6 12. Qb3 b5 13. Qd1 Qe7 14. O-O) 11... Nc6 12. Bxd6 Qxd6 {The position is equal.} 13. O-O Ne7 14. b4 c6 15. Ne5 Nd7 16. Nxd7 Qxd7 17. Na4 {With the idea Nb6.} Nc8 18. Nc5 Qe7 19. a4 Nd6 {Accuracy: White = 56%, Black = 86%.} 1/2-1/2

[Event "CZE-tht Extraliga 2018-19"]
[Site "Czech Republic"]
[Date "2019.04.20"]
[Round "10.2"]
[White "Straka, Vojtech"]
[Black "Heberla, Bartlomiej"]
[Result "1/2-1/2"]
[WhiteElo "2366"]
[BlackElo "2553"]
[Annotator "ChessBase"]
[PlyCount "144"]
[EventDate "2018.11.03"]
[EventType "team-tourn"]
[EventCountry "CZE"]
[SourceTitle "playchess.com"]
[Source "ChessBase"]
[SourceQuality "1"]
[WhiteTeam "Cesky Tesin"]
[BlackTeam "Brno"]
[TimeControl "40/5400+30:1800+30"]

1. d4 {[%emt 0:00:00]} d6 {[%emt 0:00:00]} 2. Nf3 {[%emt 0:00:00]} Nf6 {[%emt 0:00:00]} 3. c4 {[%emt 0:00:09]} Nbd7 {[%emt 0:00:00]} 4. Nc3 {[%emt 0:00:20]} e5 {[%emt 0:00:00]} 5. Bg5 {[%emt 0:00:36]} h6 {[%emt 0:03:29]} 6. Bh4 {[%emt 0:01:19]} Be7 {[%emt 0:00:08]} 7. e3 {[%emt 0:00:21]} O-O {[%emt 0:00:07]} 8. Be2 {[%emt 0:02:41]} c6 {[%emt 0:08:50]} 9. Qc2 {[%emt 0:02:16]} Nh5 {[%emt 0:05:16]} 10. Bxe7 {[%emt 0:03:28]} Qxe7 {[%emt 0:01:46]} 11. O-O-O {[%emt 0:22:29]} Nhf6 {[%emt 0:00:13]} 12. Rhg1 {[%emt 0:00:29]} Nb6 {[%emt 0:29:13]} 13. h3 {[%emt 0:19:26]} e4 {[%emt 0:00:46]} 14. Nd2 {[%emt 0:02:27]} d5 {[%emt 0:02:00]} 15. g4 {[%emt 0:02:01]} Nh7 {[%emt 0:00:18]} 16. Kb1 {[%emt 0:03:19]} Kh8 {[%emt 0:03:38]} 17. Rg3 {[%emt 0:07:48]} f5 {[%emt 0:03:41]} 18. c5 {[%emt 0:04:52]} Nd7 {[%emt 0:04:07]} 19. gxf5 {[%emt 0:00:25]} Ndf6 {[%emt 0:11:08]} 20. f4 {[%emt 0:03:21]} Bxf5 {[%emt 0:03:24]} 21. Rdg1 {[%emt 0:00:17]} g5 {[%emt 0:07:22]} 22. fxg5 {[%emt 0:03:14]} Nxg5 {[%emt 0:00:04]} 23. Nd1 {[%emt 0:05:18]} Rg8 {[%emt 0:05:25]} 24. Nf2 {[%emt 0:04:56]} Qh7 {[%emt 0:01:25]} 25. Qd1 {[%emt 0:03:18]} Ne6 {[%emt 0:00:47]} 26. Nf1 {[%emt 0:00:40]} h5 {[%emt 0:04:15]} 27. h4 {[%emt 0:03:13]} Rxg3 {[%emt 0:01:19]} 28. Rxg3 {[%emt 0:00:44]} Rg8 {[%emt 0:00:19]} 29. Ka1 {[%emt 0:01:25]} Rg6 {[%emt 0:00:21]} 30. Qe1 {[%emt 0:00:25]} Qg7 {[%emt 0:00:35]} 31. Nh1 {[%emt 0:00:16]} Bg4 {[%emt 0:01:22]} 32. a3 {[%emt 0:00:47]} Qe7 {[%emt 0:01:52]} 33. Nh2 {[%emt 0:00:32]} Ng7 {[%emt 0:00:17]} 34. Qf2 {[%emt 0:00:43]} Qe6 {[%emt 0:01:13]} 35. Rg1 {[%emt 0:00:38]} Qf5 {[%emt 0:01:03]} 36. Qg3 {[%emt 0:00:45]} Kh7 {[%emt 0:00:01]} 37. Rf1 {[%emt 0:00:52]} Bxe2 {[%emt 0:01:42]} 38. Rxf5 {[%emt 0:00:09]} Rxg3 {[%emt 0:00:22]} 39. Nxg3 {[%emt 0:00:08]} Nxf5 {[%emt 0:00:07]} 40. Nxf5 {[%emt 0:00:15]} Kg6 {[%emt 0:00:26]} 41. Ng3 {[%emt 0:03:26]} Bg4 {[%emt 0:12:11]} 42. Kb1 {[%emt 0:01:40]} Ng8 {[%emt 0:05:29]} 43. Kc2 {[%emt 0:02:08]} Ne7 {[%emt 0:00:20]} 44. Kd2 {[%emt 0:03:55]} Kh6 {[%emt 0:08:08]} 45. Nxg4+ {[%emt 0:08:34]} hxg4 {[%emt 0:00:02]} 46. Ke2 {[%emt 0:00:39]} Ng6 {[%emt 0:00:04]} 47. h5 {[%emt 0:01:15]} Nf8 {[%emt 0:04:24]} 48. b4 {[%emt 0:02:21]} Ne6 {[%emt 0:00:12]} 49. Nf5+ {[%emt 0:05:59]} Kxh5 {[%emt 0:00:02]} 50. Kf2 {[%emt 0:00:11]} Kg5 {[%emt 0:01:37]} 51. Nd6 {[%emt 0:00:09]} Kh4 {[%emt 0:00:40]} 52. Kg2 {[%emt 0:00:06]} Ng7 {[%emt 0:01:42]} 53. Nxb7 {[%emt 0:04:23]} Nf5 {[%emt 0:00:05]} 54. Nd6 {[%emt 0:01:10]} Nxe3+ {[%emt 0:00:17]} 55. Kg1 {[%emt 0:00:05]} a6 {[%emt 0:01:37]} 56. a4 {[%emt 0:00:30]} Nc4 {[%emt 0:01:04]} 57. b5 {[%emt 0:00:35]} axb5 {[%emt 0:00:04]} 58. axb5 {[%emt 0:00:05]} Na5 {[%emt 0:01:16]} 59. Kg2 {[%emt 0:04:02]} cxb5 {[%emt 0:00:16]} 60. Nxb5 {[%emt 0:00:01]} Nc6 {[%emt 0:00:46]} 61. Nc7 {[%emt 0:01:15]} Nb4 {[%emt 0:00:59]} 62. Ne6 {[%emt 0:00:16]} g3 {[%emt 0:00:21]} 63. Nf4 {[%emt 0:01:07]} Kg4 {[%emt 0:00:42]} 64. Ne2 {[%emt 0:00:01]} Nc6 {[%emt 0:00:19]} 65. Nc3 {[%emt 0:00:04]} e3 {[%emt 0:00:40]} 66. Ne2 {[%emt 0:02:00]} Nd8 {[%emt 0:00:47]} 67. Nxg3 {[%emt 0:00:08]} Kf4 {[%emt 0:00:02]} 68. Nh5+ {[%emt 0:00:52]} Ke4 {[%emt 0:00:11]} 69. Nf6+ {[%emt 0:00:04]} Kxd4 {[%emt 0:00:45]} 70. Kf3 {[%emt 0:00:01]} Kd3 {[%emt 0:00:56]} 71. Nxd5 {[%emt 0:00:02]} Ne6 {[%emt 0:00:07]} 72. Nxe3 {[%emt 0:00:06]} Nxc5 {[%emt 0:00:04] Ke4+} 1/2-1/2

[Event "CZE-tht Extraliga 2018-19"]
[Site "Czech Republic"]
[Date "2019.04.20"]
[Round "10.2"]
[White "Jurcik, Martin"]
[Black "Kociscak, Jiri"]
[Result "1/2-1/2"]
[WhiteElo "2335"]
[BlackElo "2496"]
[Annotator "ChessBase"]
[PlyCount "106"]
[EventDate "2018.11.03"]
[EventType "team-tourn"]
[EventCountry "CZE"]
[SourceTitle "playchess.com"]
[Source "ChessBase"]
[SourceQuality "1"]
[WhiteTeam "Siesta B"]
[BlackTeam "Ostrava"]
[TimeControl "40/5400+30:1800+30"]

1. e4 {[%emt 0:00:00]} e5 {[%emt 0:01:04]} 2. Nf3 {[%emt 0:00:04]} Nc6 {[%emt 0:00:06]} 3. Bb5 {[%emt 0:00:45]} Nf6 {[%emt 0:00:24]} 4. O-O {[%emt 0:01:03]} Nxe4 {[%emt 0:00:06]} 5. Re1 {[%emt 0:01:37]} Nd6 {[%emt 0:00:06]} 6. Nxe5 {[%emt 0:00:20]} Be7 {[%emt 0:00:09]} 7. Bf1 {[%emt 0:01:12]} Nxe5 {[%emt 0:00:28]} 8. Rxe5 {[%emt 0:00:15]} O-O {[%emt 0:00:05]} 9. d4 {[%emt 0:02:00]} Bf6 {[%emt 0:02:32]} 10. Re1 {[%emt 0:01:22]} Nf5 {[%emt 0:03:48]} 11. c3 {[%emt 0:02:42]} d5 {[%emt 0:00:56]} 12. Bf4 {[%emt 0:06:04]} c6 {[%emt 0:02:35]} 13. Bd3 {[%emt 0:05:42]} Nh4 {[%emt 0:07:47]} 14. Nd2 {[%emt 0:04:52]} Bf5 {[%emt 0:12:58]} 15. Qc2 {[%emt 0:14:05]} Bxd3 {[%emt 0:01:48]} 16. Qxd3 {[%emt 0:00:21]} Qb6 {[%emt 0:00:10]} 17. Bd6 {[%emt 0:08:06]} Rfe8 {[%emt 0:01:20]} 18. Ba3 {[%emt 0:00:47]} a5 {[%emt 0:14:41]} 19. g3 {[%emt 0:07:12]} Ng6 {[%emt 0:00:09]} 20. Nf3 {[%emt 0:00:06]} Re6 {[%emt 0:03:17]} 21. Re2 {[%emt 0:05:20]} Nf8 {[%emt 0:19:35]} 22. Rae1 {[%emt 0:03:10]} Rxe2 {[%emt 0:00:31]} 23. Rxe2 {[%emt 0:00:31]} Ne6 {[%emt 0:00:06]} 24. Ne5 {[%emt 0:09:32]} Bxe5 {[%emt 0:08:19]} 25. Rxe5 {[%emt 0:00:40]} Re8 {[%emt 0:00:44]} 26. Qe2 {[%emt 0:03:40]} Qd8 {[%emt 0:00:48]} 27. Kg2 {[%emt 0:01:40]} Qd7 {[%emt 0:00:34]} 28. Re3 {[%emt 0:05:49]} f6 {[%emt 0:01:31]} 29. Bc5 {[%emt 0:01:59]} g6 {[%emt 0:01:31]} 30. Ba3 {[%emt 0:05:26]} Kf7 {[%emt 0:00:08]} 31. h4 {[%emt 0:02:03]} b6 {[%emt 0:03:50]} 32. h5 {[%emt 0:02:47]} c5 {[%emt 0:04:11]} 33. Qg4 {[%emt 0:01:14]} Qc8 {[%emt 0:03:18]} 34. hxg6+ {[%emt 0:02:42]} hxg6 {[%emt 0:00:05]} 35. Qh3 {[%emt 0:00:22]} Rh8 {[%emt 0:01:05]} 36. Qg4 {[%emt 0:00:26]} Rh5 {[%emt 0:04:22]} 37. b3 {[%emt 0:01:20]} Nf4+ {[%emt 0:01:24]} 38. Kf3 {[%emt 0:00:01]} Ne6 {[%emt 0:00:13]} 39. Kg2 {[%emt 0:00:24]} cxd4 {[%emt 0:00:59]} 40. cxd4 {[%emt 0:00:05]} Nf4+ {[%emt 0:01:08]} 41. Kf3 {[%emt 0:30:02]} Qxg4+ {[%emt 0:10:47]} 42. Kxg4 {[%emt 0:00:00]} Ne6 {[%emt 0:00:07]} 43. Rd3 {[%emt 0:00:00]} Rh2 {[%emt 0:05:02]} 44. Rd2 {[%emt 0:00:00]} Ke8 {[%emt 0:04:25]} 45. Kf3 {[%emt 0:00:00]} Ng5+ {[%emt 0:00:50]} 46. Ke3 {[%emt 0:00:00]} Kd7 {[%emt 0:01:00]} 47. Rc2 {[%emt 0:00:00]} Ne4 {[%emt 0:00:13]} 48. Kf3 {[%emt 0:00:00]} f5 {[%emt 0:02:28]} 49. Bc1 {[%emt 0:00:00]} g5 {[%emt 0:03:35]} 50. Be3 {[%emt 0:00:00]} b5 {[%emt 0:01:51]} 51. a4 {[%emt 0:00:00]} b4 {[%emt 0:00:17]} 52. Rc1 {[%emt 0:00:00]} Kd6 {[%emt 0:02:25]} 53. Rc8 {[%emt 0:00:00]} Rh1 {[%emt 0:01:57] Kxe4 Ke5+} 1/2-1/2

[Event "CZE-tht Extraliga 2018-19"]
[Site "Czech Republic"]
[Date "2019.04.20"]
[Round "10.3"]
[White "Ragger, Markus"]
[Black "Hracek, Zbynek"]
[Result "1/2-1/2"]
[WhiteElo "2687"]
[BlackElo "2585"]
[Annotator "TA"]
[PlyCount "73"]
[EventDate "2018.11.03"]
[EventType "team-tourn"]
[EventCountry "CZE"]
[SourceTitle "playchess.com"]
[Source "ChessBase"]
[SourceQuality "1"]
[WhiteTeam "Novoborsky"]
[BlackTeam "Pardubice"]

{[%evp 14,73,0,0,0,0,0,0,34,0,0,0,0,0,0,0,0,0,0,5,4,-2,3,0,4,0,4,4,5,5,5,5,5,5,5,0,7,4,29,29,29,22,22,22,22,18,18,18,18,18,18,0,0,0,0,0,0,0,8,8,27,8]} 1. e4 c5 2. Nf3 d6 3. d4 cxd4 4. Nxd4 Nf6 5. Nc3 a6 6. Be2 e5 7. Nf3 Be7 8. Bg5 Be6 {B92: Sicilian Najdorf: 6 Be2} 9. Bxf6 Bxf6 10. Qd2 (10. O-O O-O 11. Qd2 Be7 12. Nd5 Nd7 13. Nxe7+ Qxe7 14. Rfd1 Rac8 15. c3 Rc6 16. Ng5 Nf6 17. Nxe6 fxe6 18. Qe3 Qc7 {½-½ (45) Harikrishna,P (2730)-Shankland,S (2731) Prague 2019}) 10... Nc6 {The position is equal.} 11. O-O $146 ({Predecessor:} 11. Nd5 Bxd5 12. Qxd5 O-O 13. O-O Qc7 14. c3 Rfd8 15. Rfd1 Rac8 16. Ne1 {½-½ (45) Hovhannisyan,R (2619)-Ter Sahakyan,S (2581) Skopje 2017}) 11... Nd4 12. Nxd4 exd4 13. Nd5 Bxd5 14. exd5 O-O 15. Bd3 Re8 16. Rae1 Qd7 17. b3 g6 18. Rxe8+ Rxe8 19. Re1 Rxe1+ 20. Qxe1 Kf8 21. a4 Qc7 22. g3 Qc5 23. Qe4 h5 24. f4 Qc7 (24... h4 {is more complex.} 25. g4 g5 26. fxg5 Bxg5 27. Kg2 Qc3) 25. Kg2 Qe7 (25... Qc3 {is interesting.} 26. h4 Kg7 27. Qe2 Kh6 28. Kh2 Qa5) 26. Qxe7+ Bxe7 $11 {[%mdl 4096] Endgame KB-KB} 27. f5 g5 28. Be2 h4 29. gxh4 gxh4 30. Kf3 Bf6 31. h3 Ke7 32. b4 Bg5 33. Ke4 Bd2 34. b5 axb5 35. Bxb5 Bc3 36. Be2 f6 37. Kd3 {Accuracy: White = 70%, Black = 64%.} 1/2-1/2

[Event "CZE-tht Extraliga 2018-19"]
[Site "Czech Republic"]
[Date "2019.04.20"]
[Round "10.3"]
[White "Polak, Tomas"]
[Black "Mroziak, Maciej"]
[Result "1-0"]
[WhiteElo "2528"]
[BlackElo "2375"]
[Annotator "ChessBase"]
[PlyCount "149"]
[EventDate "2018.11.03"]
[EventType "team-tourn"]
[EventCountry "CZE"]
[SourceTitle "playchess.com"]
[Source "ChessBase"]
[SourceQuality "1"]
[WhiteTeam "Brno"]
[BlackTeam "Cesky Tesin"]
[TimeControl "40/5400+30:1800+30"]

1. d4 {[%emt 0:00:00]} Nf6 {[%emt 0:00:00]} 2. c4 {[%emt 0:00:00]} g6 {[%emt 0:00:00]} 3. Nc3 {[%emt 0:00:09]} Bg7 {[%emt 0:00:31]} 4. e4 {[%emt 0:00:36]} d6 {[%emt 0:00:05]} 5. Nf3 {[%emt 0:00:08]} O-O {[%emt 0:00:06]} 6. Be2 {[%emt 0:00:08]} e5 {[%emt 0:00:06]} 7. O-O {[%emt 0:00:14]} Nc6 {[%emt 0:00:37]} 8. d5 {[%emt 0:00:17]} Ne7 {[%emt 0:00:18]} 9. b4 {[%emt 0:00:10]} Nh5 {[%emt 0:14:45]} 10. Re1 {[%emt 0:00:32]} Nf4 {[%emt 0:01:43]} 11. Bf1 {[%emt 0:00:52]} h6 {[%emt 0:01:36]} 12. c5 {[%emt 0:08:04]} g5 {[%emt 0:09:33]} 13. g3 {[%emt 0:06:27]} Nh3+ {[%emt 0:00:44]} 14. Bxh3 {[%emt 0:02:13]} Bxh3 {[%emt 0:00:06]} 15. Bxg5 {[%emt 0:00:10]} f5 {[%emt 0:27:23]} 16. cxd6 {[%emt 0:06:47]} cxd6 {[%emt 0:01:03]} 17. Bxe7 {[%emt 0:02:54]} Qxe7 {[%emt 0:00:06]} 18. Nh4 {[%emt 0:00:33]} f4 {[%emt 0:11:01]} 19. Qh5 {[%emt 0:09:00]} Qg5 {[%emt 0:10:22]} 20. Qxg5 {[%emt 0:09:35]} hxg5 {[%emt 0:00:05]} 21. Nf5 {[%emt 0:00:09]} Bxf5 {[%emt 0:01:46]} 22. exf5 {[%emt 0:00:06]} e4 {[%emt 0:01:03]} 23. Rac1 {[%emt 0:00:14]} Rxf5 {[%emt 0:07:40]} 24. Nxe4 {[%emt 0:02:04]} f3 {[%emt 0:01:29]} 25. Rcd1 {[%emt 0:16:30]} Rd8 {[%emt 0:05:26]} 26. g4 {[%emt 0:11:16]} Re5 {[%emt 0:02:27]} 27. Kf1 {[%emt 0:01:44]} Kh7 {[%emt 0:02:19]} 28. Rd3 {[%emt 0:02:22]} Kg6 {[%emt 0:00:46]} 29. Nd2 {[%emt 0:05:36]} Rxe1+ {[%emt 0:00:15]} 30. Kxe1 {[%emt 0:00:05]} Re8+ {[%emt 0:00:55]} 31. Kd1 {[%emt 0:00:45]} Be5 {[%emt 0:00:24]} 32. Nxf3 {[%emt 0:00:42]} Bf4 {[%emt 0:00:04]} 33. h4 {[%emt 0:07:28]} gxh4 {[%emt 0:00:29]} 34. Nxh4+ {[%emt 0:00:05]} Kg5 {[%emt 0:00:15]} 35. Ng2 {[%emt 0:00:11]} Re4 {[%emt 0:00:55]} 36. a3 {[%emt 0:00:49]} Rc4 {[%emt 0:00:05]} 37. Rh3 {[%emt 0:05:15]} Rc1+ {[%emt 0:01:18]} 38. Ke2 {[%emt 0:00:05]} Be5 {[%emt 0:00:26]} 39. Ne3 {[%emt 0:02:48]} Ra1 {[%emt 0:00:39]} 40. Rh7 {[%emt 0:01:44]} Rxa3 {[%emt 0:00:21]} 41. Rxb7 {[%emt 0:30:48]} Ra2+ {[%emt 0:09:39]} 42. Kf3 {[%emt 0:00:00]} a5 {[%emt 0:00:59]} 43. Nc4 {[%emt 0:00:00]} axb4 {[%emt 0:04:12]} 44. Rxb4 {[%emt 0:00:00]} Bc3 {[%emt 0:03:03]} 45. Rb8 {[%emt 0:00:00]} Bd4 {[%emt 0:00:50]} 46. Ne3 {[%emt 0:00:00]} Rd2 {[%emt 0:02:04]} 47. Rf8 {[%emt 0:00:00]} Be5 {[%emt 0:02:06]} 48. Rf5+ {[%emt 0:00:00]} Kg6 {[%emt 0:00:06]} 49. Nc4 {[%emt 0:00:00]} Rd3+ {[%emt 0:08:17]} 50. Ke2 {[%emt 0:00:00]} Rxd5 {[%emt 0:00:43]} 51. Nxe5+ {[%emt 0:00:00]} dxe5 {[%emt 0:00:09]} 52. f3 {[%emt 0:00:18]} Ra5 {[%emt 0:00:37]} 53. Ke3 {[%emt 0:00:11]} Ra3+ {[%emt 0:01:54]} 54. Ke4 {[%emt 0:00:08]} Ra4+ {[%emt 0:00:04]} 55. Kxe5 {[%emt 0:00:10]} Rb4 {[%emt 0:00:32]} 56. Rf4 {[%emt 0:02:56]} Rb5+ {[%emt 0:00:18]} 57. Ke4 {[%emt 0:00:10]} Rb4+ {[%emt 0:00:15]} 58. Ke3 {[%emt 0:00:06]} Rb5 {[%emt 0:00:24]} 59. Kf2 {[%emt 0:00:15]} Rb2+ {[%emt 0:00:19]} 60. Kg3 {[%emt 0:00:05]} Rb3 {[%emt 0:00:04]} 61. Ra4 {[%emt 0:00:24]} Kg5 {[%emt 0:00:28]} 62. Ra5+ {[%emt 0:00:15]} Kg6 {[%emt 0:00:18]} 63. Re5 {[%emt 0:01:42]} Kf6 {[%emt 0:00:14]} 64. Rd5 {[%emt 0:00:08]} Kg6 {[%emt 0:00:34]} 65. Kf4 {[%emt 0:00:17]} Rb4+ {[%emt 0:00:24]} 66. Ke3 {[%emt 0:00:08]} Rb3+ {[%emt 0:01:37]} 67. Ke4 {[%emt 0:00:16]} Rb4+ {[%emt 0:00:08]} 68. Rd4 {[%emt 0:00:10]} Rb1 {[%emt 0:01:05]} 69. f4 {[%emt 0:00:17]} Re1+ {[%emt 0:00:26]} 70. Kf3 {[%emt 0:00:07]} Rf1+ {[%emt 0:00:36]} 71. Kg2 {[%emt 0:00:10]} Ra1 {[%emt 0:00:10]} 72. Rd6+ {[%emt 0:00:05]} Kg7 {[%emt 0:00:06]} 73. Kg3 {[%emt 0:00:08]} Rh1 {[%emt 0:00:10]} 74. f5 {[%emt 0:00:48]} Ra1 {[%emt 0:00:11]} 75. Kf4 {[%emt 0:00:11]} 1-0